[Event "XLI MIEDZYNARODOWY MEMORIAL LUDWIKA ZAMENHOFA 2022 - open A"]
[Site "Bialystok"]
[Date "1899-12-30"]
[Round "3.29"]
[White "Maj, Pawel"]
[Black "Zalega, Maciej"]
[Result "1/2-1/2"]
[WhiteTitle "k"]
[BlackTitle "I++"]
[WhiteElo "2203"]
[BlackElo "2116"]

1. c4 Nf6 2. g3 e5 3. Bg2 c6 4. Nf3 e4 5. Nd4 d5 6. cxd5 cxd5 7. d3 Bc5 8. Nb3
Bb4+ 9. Bd2 Bxd2+ 10. Qxd2 O-O 11. Nc3 exd3 12. Qxd3 Be6 13. O-O Nc6 14. Rfd1
Qb6 15. Qb5 Qxb5 16. Nxb5 Rfd8 17. Nc7 Rac8 18. Nxe6 fxe6 19. Bh3 Kf7 20. Rac1
Nd7 21. a3 g5 22. Rc3 Nce5 23. Rdc1 Rxc3 24. Rxc3 g4 25. Bg2 Nc4 26. e4 Nde5 27.
exd5 exd5 28. Nd4 Kf6 29. b4 Nc6 30. Ne2 N4e5 31. Nf4 d4 32. Rc1 d3 33. Rd1 Nd4
34. Kf1 Ndf3 35. h3 h5 36. Nxh5+ Kg5 37. Nf4 Nh2+ 38. Kg1 Nhf3+ 39. Bxf3 Nxf3+
40. Kf1 Rh8 41. h4+ Nxh4 42. Rxd3 Nf3 43. Rd5+ Kf6 44. Ke2 Rh1 45. Rd1 Rxd1 46.
Kxd1 Ke5 47. Ne2 Ke4 48. Nc3+ Kd3 49. Nb5 a6 50. Nd6 b6 51. a4 Kc3 1/2-1/2

[Event "XLI MIEDZYNARODOWY MEMORIAL LUDWIKA ZAMENHOFA 2022 - open A"]
[Site "Bialystok"]
[Date "1899-12-30"]
[Round "3.30"]
[White "Wikar, Martyna"]
[Black "Praczukowski, Stanislaw"]
[Result "1-0"]
[WhiteTitle "WFM"]
[BlackTitle "k"]
[WhiteElo "2185"]
[BlackElo "2114"]

1. e4 e5 2. Nf3 Nf6 3. Nxe5 d6 4. Nf3 Nxe4 5. Nc3 Nxc3 6. dxc3 Be7 7. Bf4 O-O 8.
Qd2 Nd7 9. O-O-O Nc5 10. Be3 Ne4 11. Qe1 Re8 12. Bd3 Bf6 13. Qg1 c6 14. g4 Qa5
15. g5 Bd8 16. a3 Nc5 17. h4 Nxd3+ 18. Rxd3 Bf5 19. Rd2 Be4 20. Qd1 d5 21. Rg1
Bb6 22. Nd4 Bxd4 23. Bxd4 Qc7 24. h5 Qf4 25. Qf1 Bf3 26. Be3 Qf5 27. h6 g6 28.
b3 Re4 29. Kb2 a6 30. Qa1 Rc8 31. Ka2 c5 32. Rg3 d4 33. cxd4 cxd4 34. Bxd4 Re2
35. Rxe2 Bxe2 36. Rc3 Qxc2+ 37. Rxc2 Rxc2+ 38. Bb2 1-0

[Event "XLI MIEDZYNARODOWY MEMORIAL LUDWIKA ZAMENHOFA 2022 - open A"]
[Site "Bialystok"]
[Date "1899-12-30"]
[Round "3.31"]
[White "Raczek, Krzysztof"]
[Black "Posaskov, Nikita"]
[Result "0-1"]
[WhiteTitle "k"]
[BlackTitle "k"]
[WhiteElo "2161"]
[BlackElo "2061"]

1. c4 Nf6 2. Nc3 e6 3. Nf3 b6 4. b3 Bb7 5. Bb2 c5 6. e3 d5 7. cxd5 exd5 8. d4 Bd6
9. Be2 O-O 10. O-O Nbd7 11. Rc1 Rc8 12. Bd3 Re8 13. Qe2 Qe7 14. Ba6 Bxa6 15. Qxa6
Bb8 16. Rfd1 Qe6 17. Qe2 h6 18. dxc5 bxc5 19. Qd2 Nb6 20. Qd3 Red8 21. Ne2 Ne4
22. a4 Rc6 23. a5 Nc8 24. b4 c4 25. Qd4 f6 26. Rf1 Ncd6 27. Nf4 Qf7 28. Qxd5 Qxd5
29. Nxd5 Kf7 30. Nd4 Rcc8 31. Rc2 Nf5 32. Nxf5 Rxd5 33. Nd4 c3 34. Bc1 Rc4 35.
f3 Nd6 36. Ba3 a6 37. Rfc1 Ba7 38. Rxc3 Rdxd4 39. Kf2 Rxc3 40. Rxc3 Rc4 41. Rxc4
Nxc4 42. Bc1 Ke6 43. Ke2 Kd5 44. Kd3 Ne5+ 45. Kc3 Kc6 46. f4 Ng4 47. e4 Nf2 48.
e5 fxe5 49. fxe5 Kd5 50. e6 Kxe6 51. Kc4 Ne4 52. Bf4 Nd6+ 53. Kd3 Kd5 54. h4 h5
55. Bg5 Nf5 56. Bd8 Bf2 57. Ke2 Bxh4 58. b5 Bf6 59. Be7 Bxe7 60. bxa6 Bd8 61.
Kf3 Kc6 62. Kf4 Ne7 63. g4 hxg4 64. Kxg4 Bxa5 65. Kf4 Kb6 66. Ke5 Kxa6 67. Ke6
Bc3 68. Kxe7 g5 69. Ke6 g4 70. Kd5 g3 71. Kc4 g2 72. Kb3 g1=Q 73. Ka2 Kb5 74.
Ka3 Kc4 75. Ka4 Qa7# 0-1

[Event "XLI MIEDZYNARODOWY MEMORIAL LUDWIKA ZAMENHOFA 2022 - open A"]
[Site "Bialystok"]
[Date "1899-12-30"]
[Round "3.32"]
[White "Baginskaite, Kamile"]
[Black "Psyk, Radoslaw"]
[Result "1/2-1/2"]
[WhiteTitle "WGM"]
[BlackTitle "k++"]
[WhiteElo "2117"]
[BlackElo "2438"]

1. d4 Nf6 2. Nf3 g6 3. c4 Bg7 4. g3 O-O 5. Bg2 c6 6. O-O d6 7. Nc3 Bf5 8. Qb3 Qc8
9. Re1 Bg4 10. Bf4 Nfd7 11. h3 Bxf3 12. exf3 e5 13. dxe5 dxe5 14. Be3 f5 15. f4
e4 16. f3 exf3 17. Bxf3 Na6 18. Rad1 Re8 19. c5+ Kh8 20. Qc4 Qc7 21. b4 Rad8 22.
Bd4 Nf8 23. Rxe8 Rxe8 24. b5 Nb8 25. Bf2 Rd8 26. Rxd8 Qxd8 27. a4 Nfd7 28. Ne2
Qe7 29. Kg2 Nf6 30. Nc3 h6 31. g4 fxg4 32. hxg4 Nbd7 33. Qe2 Qf8 34. bxc6 bxc6
35. Qc4 Qe7 36. Qe2 Qf8 37. Qc4 g5 38. Bxc6 gxf4 39. Qxf4 Nxc5 40. Qf5 Nxg4 41.
Qxg4 Bxc3 42. Qc4 Nxa4 43. Qxa4 Qg7+ 44. Kf1 a5 45. Bd5 Qg6 46. Qd7 Qd3+ 47. Kg2
Qg6+ 48. Bg3 Ba1 49. Bf7 Qe4+ 50. Kh2 Qe2+ 51. Kg1 Qe3+ 52. Bf2 Qg5+ 53. Kh1 h5
54. Qe8+ Kh7 55. Bxh5 Qd5+ 56. Kg1 Qg8+ 57. Qxg8+ 1/2-1/2

[Event "XLI MIEDZYNARODOWY MEMORIAL LUDWIKA ZAMENHOFA 2022 - open A"]
[Site "Bialystok"]
[Date "1899-12-30"]
[Round "3.33"]
[White "Krzywda, Andrzej"]
[Black "Dwilewicz, Katarzyna"]
[Result "1/2-1/2"]
[WhiteTitle "CM"]
[BlackTitle "WFM"]
[WhiteElo "2262"]
[BlackElo "2123"]

1. e4 e5 2. Nf3 Nc6 3. d4 exd4 4. Nxd4 Nf6 5. Nxc6 bxc6 6. e5 Qe7 7. Qe2 Nd5 8.
h4 Qe6 9. Nd2 a5 10. a3 d6 11. exd6 Bxd6 12. Nc4 Bc5 13. Bd2 a4 14. Qxe6+ Bxe6
15. Bd3 O-O 16. O-O Rab8 17. Rab1 Bd4 18. Rfe1 c5 19. g3 Rfe8 20. Kg2 Nb6 21.
Nxb6 Rxb6 22. c3 Bf6 23. Bc2 Reb8 24. Bxa4 Rxb2 25. Rxb2 Rxb2 26. Be3 c4 27. Rd1
h6 28. Bd7 Ra2 29. Bxe6 fxe6 30. Bc5 Bxc3 31. Rc1 Be5 32. Rxc4 Bd6 33. Bb4 Kf7
34. Rc6 h5 35. Kf3 e5 36. Bxd6 cxd6 37. Rxd6 Rxa3+ 38. Ke4 Ra2 39. Ke3 Ra4 40.
Rc6 g6 41. Kf3 Rb4 42. Ra6 Rc4 43. Ke3 Rb4 44. Kd3 Rb2 45. Ke3 Rb4 46. Ra7+ Kf6
47. Rc7 Ra4 48. Rc6+ Kf7 49. Kf3 Rb4 50. Rc3 Kf6 51. Ra3 Rb6 52. Ke4 Rb4+ 53.
Ke3 Rb6 54. Rd3 Ke6 55. Rd8 Rb3+ 56. Ke2 Ke7 57. Rh8 Kf7 58. Ra8 Kf6 59. Rf8+
Kg7 60. Rf3 Rb4 61. Ke3 Ra4 62. Ke2 Rb4 63. Ra3 Kf6 64. Ke3 1/2-1/2

[Event "XLI MIEDZYNARODOWY MEMORIAL LUDWIKA ZAMENHOFA 2022 - open A"]
[Site "Bialystok"]
[Date "1899-12-30"]
[Round "3.34"]
[White "Wojdak, Jan"]
[Black "Rozycki, Bartlomiej"]
[Result "1-0"]
[WhiteTitle "k"]
[BlackTitle "k++"]
[WhiteElo "2115"]
[BlackElo "2196"]

1. e4 c5 2. Nf3 e6 3. c3 d5 4. e5 Bd7 5. d4 Nc6 6. Be2 Nge7 7. Na3 Nc8 8. Nc2 Nb6
9. O-O Be7 10. Be3 cxd4 11. cxd4 Na4 12. Rb1 Nb4 13. Nxb4 Bxb4 14. Ne1 Qb6 15.
Nd3 Be7 16. Qd2 Rc8 17. Rbc1 Qd8 18. b3 Nb6 19. Qa5 Rxc1 20. Rxc1 Qb8 21. Nc5
Bc6 22. Bb5 O-O 23. Bxc6 bxc6 24. Nd3 Qb7 25. Bd2 Rc8 26. Bb4 Bxb4 27. Nxb4 Nd7
28. Qa6 Qxa6 29. Nxa6 Kf8 30. Kf1 Ke7 31. Ke2 Nb6 32. f4 h5 33. g3 g6 34. h3 Kd7
35. Rc5 Na8 36. Ra5 Kd8 37. Nb4 Rc7 38. Rxa7 Nb6 39. Ra6 c5 40. dxc5 Nd7 41. c6
Nc5 42. Ra8+ Ke7 43. Ke3 Ne4 44. g4 hxg4 45. hxg4 g5 46. f5 f6 47. fxe6 Kxe6 48.
exf6 Nxf6 1-0

[Event "XLI MIEDZYNARODOWY MEMORIAL LUDWIKA ZAMENHOFA 2022 - open A"]
[Site "Bialystok"]
[Date "1899-12-30"]
[Round "3.35"]
[White "Golecki, Jan"]
[Black "Greicius, Pijus"]
[Result "1-0"]
[WhiteTitle "k"]
[BlackTitle "k"]
[WhiteElo "2152"]
[BlackElo "2076"]

1. e4 e5 2. Nf3 Nc6 3. Bb5 a6 4. Ba4 Nf6 5. O-O Be7 6. d3 b5 7. Bb3 d6 8. c3 O-O
9. Nbd2 Na5 10. Bc2 c5 11. Re1 Re8 12. Nf1 Bf8 13. Bg5 h6 14. Bxf6 Qxf6 15. Ne3
Nc6 16. a4 Be6 17. Bb3 b4 18. a5 Bxb3 19. Qxb3 Rab8 20. Nd5 Qd8 21. Qa4 Qc8 22.
Nb6 Qb7 23. Nd2 Re6 24. Ndc4 Be7 25. Ne3 Bd8 26. Ned5 Nxa5 27. Qxa5 Bxb6 28. Qxa6
Qc6 29. Rec1 b3 30. c4 Ree8 31. Ra3 Rb7 32. Rxb3 Reb8 33. Rxb6 Rxb6 34. Ne7+ Kh7
35. Nxc6 Rxa6 36. Nxb8 Rb6 37. Nd7 Rb7 38. Nxc5 dxc5 39. Rc2 Rd7 40. Rd2 Kg6 41.
f3 Kf6 42. Kf2 Ke6 43. Ke3 g5 44. b3 Rb7 45. Rb2 f5 46. exf5+ Kxf5 47. Kd2 h5
48. Kc3 g4 49. fxg4+ hxg4 50. g3 Rb6 51. Rf2+ Kg5 52. Ra2 Kf5 53. Ra5 Rc6 54.
b4 cxb4+ 55. Kxb4 Rd6 56. Rd5 Rb6+ 57. Kc5 Ra6 58. d4 Ra5+ 59. Kb4 Rxd5 60. cxd5
exd4 61. Kc4 1-0

[Event "XLI MIEDZYNARODOWY MEMORIAL LUDWIKA ZAMENHOFA 2022 - open A"]
[Site "Bialystok"]
[Date "1899-12-30"]
[Round "4.1"]
[White "Klimkowski, Jan"]
[Black "Gumularz, Szymon"]
[Result "1/2-1/2"]
[WhiteTitle "FM"]
[BlackTitle "GM"]
[WhiteElo "2447"]
[BlackElo "2561"]

1. e4 e6 2. d4 d5 3. Nc3 Nf6 4. Bg5 dxe4 5. Nxe4 Be7 6. Nxf6+ Bxf6 7. Bxf6 Qxf6
8. Nf3 c5 9. Bb5+ Bd7 10. Bxd7+ Nxd7 11. O-O cxd4 1/2-1/2

[Event "XLI MIEDZYNARODOWY MEMORIAL LUDWIKA ZAMENHOFA 2022 - open A"]
[Site "Bialystok"]
[Date "1899-12-30"]
[Round "4.2"]
[White "Teclaf, Pawel"]
[Black "Kosakowski, Jakub"]
[Result "1-0"]
[WhiteTitle "IM"]
[BlackTitle "IM"]
[WhiteElo "2555"]
[BlackElo "2475"]

1. c4 e5 2. g3 c6 3. Nf3 e4 4. Nd4 d5 5. cxd5 Qxd5 6. Nc2 Nf6 7. Nc3 Qe5 8. Bg2
Be7 9. Ne3 Na6 10. Qc2 Nc5 11. b3 O-O 12. Bb2 Qe6 13. b4 Ncd7 14. a3 a5 15. Nxe4
axb4 16. axb4 Rxa1+ 17. Bxa1 Bxb4 18. O-O h6 19. Rb1 Be7 20. d4 Rd8 21. Nc3 b6
22. Nf5 Bf8 23. e4 g6 24. Ne3 Ng4 25. Nxg4 Qxg4 26. Nd1 Qe6 27. Ne3 Bg7 28. e5
Bb7 29. Nc4 Ra8 30. Nd6 Ra2 31. d5 Qxd5 32. Bxd5 Rxc2 33. Bxf7+ Kf8 34. Bxg6 Ra2
35. Nxb7 Nxe5 36. Bxe5 Bxe5 37. Nd8 1-0

[Event "XLI MIEDZYNARODOWY MEMORIAL LUDWIKA ZAMENHOFA 2022 - open A"]
[Site "Bialystok"]
[Date "1899-12-30"]
[Round "4.3"]
[White "Bernadskiy, Vitaliy"]
[Black "Bogdanov, Egor"]
[Result "1-0"]
[WhiteTitle "GM"]
[BlackTitle "IM"]
[WhiteElo "2617"]
[BlackElo "2381"]

1. d4 d5 2. c4 e6 3. Nf3 Nf6 4. g3 dxc4 5. Bg2 Be7 6. Qa4+ Bd7 7. Qxc4 Bc6 8. O-O
O-O 9. Nc3 Ne4 10. Qd3 Nxc3 11. bxc3 b6 12. Re1 Qc8 13. Bg5 Qd8 14. Bf4 Qc8 15.
c4 Bb7 16. e4 Rd8 17. Rad1 Nc6 18. d5 Nb4 19. Qb1 Na6 20. Bh3 Nc5 21. e5 Re8 22.
Rd4 h6 23. Red1 Bf8 24. Qc1 c6 25. Bxh6 gxh6 26. Rg4+ Kh8 27. Qf4 Bg7 28. Rxg7
Kxg7 29. Qf6+ Kh7 30. Qxf7+ Kh8 31. Qf6+ Kh7 32. dxe6 Nxe6 33. Bf5+ Kg8 34. Qg6+
1-0

[Event "XLI MIEDZYNARODOWY MEMORIAL LUDWIKA ZAMENHOFA 2022 - open A"]
[Site "Bialystok"]
[Date "1899-12-30"]
[Round "4.4"]
[White "Krzyzanowski, Marcin"]
[Black "Baum, Jonasz"]
[Result "1/2-1/2"]
[WhiteTitle "GM"]
[BlackTitle "IM"]
[WhiteElo "2538"]
[BlackElo "2420"]

1. Nf3 d5 2. g3 g6 3. Bg2 Bg7 4. d4 Nf6 5. O-O O-O 6. c4 c6 7. Qb3 a5 8. Nc3 a4
9. Nxa4 dxc4 10. Qd1 b5 11. Nc3 Qb6 12. Bg5 Rd8 13. Qc1 Bb7 14. Rd1 Nbd7 15. a3
c5 16. dxc5 Qxc5 17. Be3 Qc6 18. Ne1 Qa6 19. a4 Bxg2 20. Nxg2 bxa4 21. Rxa4 Qc6
22. Rxa8 Rxa8 23. Nf4 e6 24. f3 1/2-1/2

[Event "XLI MIEDZYNARODOWY MEMORIAL LUDWIKA ZAMENHOFA 2022 - open A"]
[Site "Bialystok"]
[Date "1899-12-30"]
[Round "4.5"]
[White "Malek, Jan"]
[Black "Heberla, Bartlomiej"]
[Result "1/2-1/2"]
[WhiteTitle "m"]
[BlackTitle "GM"]
[WhiteElo "2376"]
[BlackElo "2568"]

1. e4 e5 2. Nf3 Nc6 3. Bb5 Nge7 4. c3 d5 5. Nxe5 dxe4 6. d4 exd3 7. Qf3 Be6 8.
O-O Qd5 9. Qxd5 Bxd5 10. Nxc6 Nxc6 11. Re1+ Be7 12. Bf4 a6 13. Bxd3 O-O-O 14.
Nd2 g6 15. Bc2 f5 16. a4 Bf6 17. Rad1 Na5 18. Be5 Bxe5 19. Rxe5 Rhe8 20. Rxe8
Rxe8 21. Kf1 Nc4 22. b3 Nd6 23. c4 Bc6 24. Nb1 Be4 25. Bd3 Bxd3+ 26. Rxd3 Ne4
27. Nd2 Nc5 28. Rd5 b6 29. h4 Re7 30. g3 c6 31. Rd4 a5 32. h5 g5 33. Nf3 Nxb3
34. Rd6 Kc7 35. Rf6 g4 36. Ng5 Nd2+ 37. Kg2 Nxc4 38. h6 b5 39. Ne6+ Kd6 40. Nf4+
Kc5 41. Rxf5+ Ne5 42. Rg5 b4 43. Rg7 Kd6 44. Rg8 c5 45. Rd8+ Kc6 46. Rc8+ Kd6
47. Rd8+ Rd7 48. Re8 Nc6 49. Re6+ Kc7 50. Re4 Nd4 51. Nd3 c4 52. Ne5 c3 53. Rxg4
c2 54. Rg7 c1=Q 55. Rxd7+ Kc8 56. Rxd4 Qxh6 57. Rd5 Qb6 58. Rb5 Qc7 59. Nd3 Qc6+
60. Kg1 Qf3 61. Nxb4 Qd1+ 62. Kg2 Qxa4 63. Rc5+ Kd7 64. Nc2 Qe4+ 65. Kg1 a4 66.
Rc3 Kd6 67. Kf1 Qe5 68. Ra3 Qb2 69. Ne3 Qb5+ 70. Ke1 Kc5 71. Kd2 Qd7+ 72. Kc1
Kb5 73. Nc2 Qd5 74. Rf3 Ka5 75. Re3 Qf7 76. f4 Kb5 77. Rc3 Qg7 78. Kb2 h5 79.
Na3+ Kb4 80. Nc2+ Kb5 81. Na3+ Kb6 82. Nc2 Qd7 83. Na3 Qd2+ 84. Nc2 Kb7 85. Ra3
Qf2 86. Rc3 Kb6 87. Ka2 Qe2 88. Kb2 Qd2 89. Ra3 Ka5 90. Rc3 Kb5 91. Ra3 Qf2 92.
Rc3 Qg2 93. Ka2 Qd5+ 94. Kb2 Ka5 95. Kb1 Qb7+ 96. Ka2 Qb6 97. Ka1 Qf6 98. Kb2
Qg7 99. Na3 Kb6 100. Nc2 Qh8 101. Na3 Qd4 102. Nc2 Qd2 103. Ra3 Qg2 104. Rc3 Qf2
105. Ka2 Kb7 106. Kb2 Qg1 107. Na3 Kb6 1/2-1/2

[Event "XLI MIEDZYNARODOWY MEMORIAL LUDWIKA ZAMENHOFA 2022 - open A"]
[Site "Bialystok"]
[Date "1899-12-30"]
[Round "4.6"]
[White "Azarov, Sergei"]
[Black "Risteski, Emil"]
[Result "1/2-1/2"]
[WhiteTitle "GM"]
[BlackTitle "FM"]
[WhiteElo "2562"]
[BlackElo "2373"]

1. e4 c5 2. Nf3 Nc6 3. d4 cxd4 4. Nxd4 Nf6 5. Nc3 e6 6. Nxc6 bxc6 7. e5 Nd5 8.
Ne4 Qc7 9. f4 Qb6 10. c4 Ne3 11. Qd3 Bb4+ 12. Bd2 Ba6 13. Bxb4 Qxb4+ 14. Kf2 Qxb2+
15. Be2 Nxc4 16. Rab1 Nxe5 17. fxe5 Qxe5 18. Qxa6 Qxe4 19. Rhd1 O-O 20. Bf3 Qc2+
21. Kg1 g6 22. Qa5 Rfb8 23. Rbc1 Qb2 24. h4 Qb6+ 25. Qxb6 axb6 26. Rd4 d6 27.
Rxd6 Rxa2 28. Rd7 h5 29. Rxc6 Rd8 30. Rcc7 Rf8 31. Kh2 Ra5 32. Re7 Rf5 33. Be4
Rf6 34. Bc6 Kg7 35. Be8 Kg8 36. Rb7 Kg7 37. Rxb6 Kg8 38. Rbb7 Kg7 39. Kg1 Kg8
40. g3 Kg7 41. Kg2 Kg8 42. Bd7 Kh8 43. Re8 Rxe8 44. Bxe8 Kg7 45. Rb5 Kh6 46. Rc5
Rf5 47. Rxf5 exf5 48. Bxf7 g5 49. hxg5+ Kxg5 50. Kf3 h4 51. gxh4+ Kxh4 52. Ke4
1/2-1/2

[Event "XLI MIEDZYNARODOWY MEMORIAL LUDWIKA ZAMENHOFA 2022 - open A"]
[Site "Bialystok"]
[Date "1899-12-30"]
[Round "4.7"]
[White "Kowalski, Igor"]
[Black "Janik, Igor"]
[Result "1/2-1/2"]
[WhiteTitle "IM"]
[BlackTitle "GM"]
[WhiteElo "2344"]
[BlackElo "2536"]

1. e4 c6 2. d4 d5 3. Nc3 g6 4. e5 h5 5. Bf4 Qb6 6. Na4 Qa5+ 7. c3 Bh6 8. Bxh6 Nxh6
9. Nc5 e6 10. Nf3 Nd7 11. Nb3 Qd8 12. Bd3 a5 13. a4 b6 14. Qe2 Nb8 15. h3 Nf5
16. Bxf5 gxf5 17. Nc1 Ba6 18. Qe3 h4 19. Nd3 Nd7 20. O-O Nf8 21. Rfc1 Bxd3 22.
Qxd3 Ng6 23. Qe3 Rc8 24. b4 1/2-1/2

[Event "XLI MIEDZYNARODOWY MEMORIAL LUDWIKA ZAMENHOFA 2022 - open A"]
[Site "Bialystok"]
[Date "1899-12-30"]
[Round "4.8"]
[White "Seemann, Jakub"]
[Black "Olszewski, Michal"]
[Result "1-0"]
[WhiteTitle "FM"]
[BlackTitle "GM"]
[WhiteElo "2365"]
[BlackElo "2521"]

1. e4 e5 2. Nf3 Nc6 3. Nc3 Nf6 4. h3 Bb4 5. Nd5 Bc5 6. c3 Nxe4 7. d4 exd4 8. Bd3
f5 9. cxd4 Be7 10. Qb3 a5 11. Bf4 d6 12. Rc1 Nf6 13. Nxf6+ Bxf6 14. O-O g5 15.
Bd2 Kf8 16. Rfe1 Kg7 17. d5 Nb4 18. Bc3 c5 19. dxc6 bxc6 20. Nxg5 Rf8 21. Bb1
Bxc3 22. Qxc3+ Qf6 23. a3 h6 24. Nf3 Qxc3 25. Rxc3 Nd5 26. Rxc6 Ra6 27. Rxa6 Bxa6
28. Nd4 Bc8 29. Nc6 a4 30. Rd1 Nb6 31. Rxd6 Re8 32. Bd3 Re1+ 33. Kh2 1-0

[Event "XLI MIEDZYNARODOWY MEMORIAL LUDWIKA ZAMENHOFA 2022 - open A"]
[Site "Bialystok"]
[Date "1899-12-30"]
[Round "4.9"]
[White "Markowski, Tomasz"]
[Black "Jarocka, Liwia"]
[Result "1-0"]
[WhiteTitle "GM"]
[BlackTitle "FM"]
[WhiteElo "2519"]
[BlackElo "2143"]

1. c4 c6 2. Nf3 d5 3. g3 Nf6 4. Bg2 dxc4 5. O-O Nbd7 6. Qc2 e5 7. Qxc4 Bd6 8. d3
O-O 9. Nbd2 Nb6 10. Qc2 Re8 11. b3 h6 12. Bb2 Qe7 13. e4 c5 14. a4 a5 15. Rac1
Bd7 16. Qc3 Nh7 17. Nh4 c4 18. dxc4 Bc5 19. Ndf3 f6 20. Rcd1 Bc6 21. Nf5 Qf8 22.
N3h4 Ng5 23. Qc2 Nc8 24. Rfe1 Nd6 25. Ng6 Qf7 26. Nxe5 fxe5 27. Nxd6 Bxd6 28.
Rxd6 Nf3+ 29. Bxf3 Qxf3 30. Re3 Qf7 31. f3 Qe7 32. Red3 Qf7 33. Kg2 Rf8 34. Qe2
Qh5 35. Bc3 Kh7 36. Re6 Rae8 37. Rxe8 Qxe8 38. Bxa5 g5 39. g4 h5 40. h3 Qg6 41.
Bc3 1-0

[Event "XLI MIEDZYNARODOWY MEMORIAL LUDWIKA ZAMENHOFA 2022 - open A"]
[Site "Bialystok"]
[Date "1899-12-30"]
[Round "4.10"]
[White "Licznerski, Lukasz"]
[Black "Czernek, Tymon"]
[Result "1-0"]
[WhiteTitle "IM"]
[BlackTitle "FM"]
[WhiteElo "2441"]
[BlackElo "2302"]

1. d4 d5 2. c4 e6 3. Nc3 Nf6 4. cxd5 exd5 5. Bg5 Be7 6. e3 O-O 7. Bd3 h6 8. Bxf6
Bxf6 9. Nge2 c6 10. Qc2 Re8 11. O-O g6 12. b4 b6 13. b5 c5 14. dxc5 bxc5 15. Rad1
Bg4 16. h3 Bxc3 17. Qxc3 Be6 18. Qxc5 Nd7 19. Qb4 Ne5 20. Nf4 Qh4 21. Qd4 Nxd3
22. Rxd3 Qg5 23. Nxd5 Bxd5 24. Qxd5 Qf6 25. Rfd1 Rac8 26. Qd4 Qe7 27. Qf4 Red8
28. Rxd8+ Rxd8 29. Rxd8+ Qxd8 30. Qd4 Qa5 31. a4 h5 32. g3 Qc7 33. h4 Kh7 34.
Qb4 f6 35. a5 g5 36. b6 Qc1+ 37. Kg2 Qc6+ 38. e4 axb6 39. axb6 Qb7 40. hxg5 fxg5
41. Qd4 h4 42. f3 Qc6 43. Qd8 Qb5 44. Qe7+ Kg6 45. Qe6+ Kg7 46. Qf5 Qe2+ 47. Kh3
Qf1+ 48. Kg4 hxg3 49. Qxg5+ Kh7 50. Qh4+ Kg6 51. Qxg3 Qd1 52. b7 Qd7+ 53. Kf4+
1-0

[Event "XLI MIEDZYNARODOWY MEMORIAL LUDWIKA ZAMENHOFA 2022 - open A"]
[Site "Bialystok"]
[Date "1899-12-30"]
[Round "4.11"]
[White "Sliwicka, Alicja"]
[Black "Cukrowski, Filip"]
[Result "1/2-1/2"]
[WhiteTitle "WIM"]
[BlackTitle "FM"]
[WhiteElo "2284"]
[BlackElo "2402"]

1. e4 c6 2. d4 d5 3. e5 Bf5 4. h4 h5 5. Bd3 Bxd3 6. Qxd3 e6 7. Nf3 c5 8. dxc5 Nc6
9. c4 Qa5+ 10. Bd2 dxc4 11. Qxc4 Qxc5 12. Qxc5 Bxc5 13. Nc3 Nh6 14. Ne4 Bb6 15.
Nd6+ Ke7 16. Nc4 Ng4 17. Nxb6 axb6 18. O-O Ngxe5 19. Nxe5 Nxe5 20. Bc3 Nc6 21.
Bxg7 Rhg8 22. Bc3 Ra4 23. b4 Nxb4 24. Bxb4+ Rxb4 25. Rfb1 Rxh4 26. Rxb6 Rhg4 27.
Rxb7+ Kf6 28. g3 h4 29. Kh2 hxg3+ 30. fxg3 Rxg3 31. Rf1+ Ke5 32. Re1+ Kd6 33.
Rd1+ Kc6 34. Rxf7 R3g5 35. Rf3 Rh5+ 36. Rh3 Rxh3+ 37. Kxh3 e5 38. Kh2 Kc5 39.
Rg1 Rf8 40. Kg2 e4 41. Rf1 Ra8 42. Kf2 Kd4 43. Rd1+ Ke5 44. Rd7 Ra5 45. a3 Rxa3
46. Ke3 1/2-1/2

[Event "XLI MIEDZYNARODOWY MEMORIAL LUDWIKA ZAMENHOFA 2022 - open A"]
[Site "Bialystok"]
[Date "1899-12-30"]
[Round "4.12"]
[White "Godzwon, Iwo"]
[Black "Szewczyk, Mariusz"]
[Result "1/2-1/2"]
[WhiteTitle "FM"]
[BlackTitle "k"]
[WhiteElo "2391"]
[BlackElo "2094"]

1. e4 e5 2. Bc4 Nc6 3. Nf3 Bc5 4. d3 Nf6 5. O-O d6 6. c3 Bb6 7. a4 a6 8. Re1 h6
9. Nbd2 O-O 10. Ba2 Ne7 11. Nc4 Ba7 12. Be3 Bxe3 13. Nxe3 Ng6 14. b4 Nf4 15. Qc2
Nh7 16. Nd5 Nxd5 17. Bxd5 Ng5 18. Nd2 Ne6 19. Bxe6 Bxe6 20. d4 a5 21. Qb2 b6 22.
b5 Qe7 23. Re3 f6 24. Nf1 Rae8 25. Qe2 Qf7 26. Ng3 g6 27. Re1 Kg7 28. d5 Bc8 29.
Qd1 h5 30. Ne2 g5 31. Ng3 h4 32. Nf5+ Bxf5 33. exf5 Rh8 34. h3 Reg8 35. Re4 Kf8
36. Rc4 Ke8 37. Ree4 Kd8 38. Rc6 Rg7 39. Qd3 Rhh7 40. Rg4 Qg8 41. Kh2 Qf7 42.
Rcc4 Qg8 43. Rce4 Qf7 44. Re3 Qg8 45. Qc4 Qe8 46. Kg1 Qd7 47. Rf3 Qe8 48. Kf1
Qd7 49. Ke2 Qe8 50. Kd3 Qd7 51. Qc6 Qxc6 52. bxc6 Re7 53. Re3 Rh8 54. Re1 Ree8
55. Rge4 Re7 56. Ke3 Ree8 57. Kf3 Re7 58. Rh1 Kc8 59. Kg4 1/2-1/2

[Event "XLI MIEDZYNARODOWY MEMORIAL LUDWIKA ZAMENHOFA 2022 - open A"]
[Site "Bialystok"]
[Date "1899-12-30"]
[Round "4.14"]
[White "Dvirnyy, Danyyil"]
[Black "Kubicka, Anna"]
[Result "1/2-1/2"]
[WhiteTitle "GM"]
[BlackTitle "WIM"]
[WhiteElo "2530"]
[BlackElo "2217"]

1. d4 Nf6 2. c4 e6 3. Nc3 Bb4 4. e3 c5 5. Bd3 O-O 6. a3 Bxc3+ 7. bxc3 d6 8. Ne2
b6 9. e4 Nc6 10. O-O Ba6 11. Bg5 h6 12. Bh4 g5 13. Bg3 e5 14. f4 Qe7 15. fxg5
hxg5 16. d5 Na5 17. h4 Nh5 18. hxg5 Qxg5 19. Rf5 Qg6 20. Bh4 f6 21. Rf3 Kf7 22.
Ng3 Ke7 23. Nf5+ Kd7 24. g3 Rf7 25. Ra2 Kc7 26. Raf2 Rh8 27. Bf1 Bxc4 28. Bxc4
Nxc4 29. Qe2 Na5 30. Qa6 Ra8 31. Kf1 Rd7 32. Qd3 Rf8 33. Ne3 Kb7 34. a4 Rc7 35.
Nf5 Rd8 36. c4 Ka8 37. Ne3 Rf7 38. Nf5 Rh7 39. Ke1 Qe8 40. Qc2 Qg6 41. Qd3 Qe8
42. Qc2 Qg6 43. Kd2 Rhd7 44. Kc3 Rf8 45. Qd2 Rh8 46. Qc1 Qg4 47. Qc2 Rf8 48. Ne3
Qg6 49. Nf5 Qg4 50. Ne3 Qg6 51. Nf5 Qg4 1/2-1/2

[Event "XLI MIEDZYNARODOWY MEMORIAL LUDWIKA ZAMENHOFA 2022 - open A"]
[Site "Bialystok"]
[Date "1899-12-30"]
[Round "4.15"]
[White "Fus, Jakub"]
[Black "Indriunas, Matas"]
[Result "1/2-1/2"]
[WhiteTitle "FM"]
[BlackTitle "FM"]
[WhiteElo "2405"]
[BlackElo "2253"]

1. Nf3 Nf6 2. b3 g6 3. Bb2 Bg7 4. g3 b6 5. Bg2 Bb7 6. O-O O-O 7. c4 c5 8. d4 d5
9. dxc5 dxc4 10. Qxd8 Rxd8 11. cxb6 axb6 12. bxc4 Nbd7 13. Nbd2 Ne4 14. Bxg7 Nxd2
15. Nxd2 Bxg2 16. Kxg2 Kxg7 17. Nb3 Rdc8 18. Nd2 Ne5 19. Rfb1 Nxc4 20. Nxc4 Rxc4
21. Rxb6 Rc2 22. e3 Raxa2 1/2-1/2

[Event "XLI MIEDZYNARODOWY MEMORIAL LUDWIKA ZAMENHOFA 2022 - open A"]
[Site "Bialystok"]
[Date "1899-12-30"]
[Round "4.16"]
[White "Luberanski, Jakub"]
[Black "Mis, Mieszko"]
[Result "0-1"]
[WhiteTitle "FM"]
[BlackTitle "FM"]
[WhiteElo "2243"]
[BlackElo "2389"]

1. d4 Nf6 2. c4 e6 3. Nc3 Bb4 4. Qc2 d6 5. Nf3 Nbd7 6. Bd2 e5 7. a3 Bxc3 8. Bxc3
e4 9. Nd2 e3 10. fxe3 O-O 11. e4 Re8 12. Qd3 Qe7 13. g3 c5 14. e3 b6 15. Bg2 Bb7
16. d5 Ne5 17. Qe2 Bc8 18. h3 Bd7 19. O-O Rab8 20. Rf4 Bc8 21. Raf1 Nfd7 22. h4
Nf6 23. Bxe5 Qxe5 24. Nf3 Qh5 25. Qc2 Qg6 26. Nd2 Re7 27. Qc3 Nh5 28. R4f2 Nxg3
29. Re1 Bd7 30. Kh2 Nh5 31. Rf3 Nf6 32. Rg1 Ng4+ 33. Kh1 Qh6 34. Bh3 Ne5 35. Rfg3
Qxh4 36. Nf3 Qh5 37. Kg2 Bxh3+ 38. Rxh3 Qg4+ 39. Kh2 Nxf3+ 40. Rhg3 Nxg1 41. Rxg1
Qh5+ 42. Kg2 Rxe4 43. Kf2 Qe5 44. Qc2 Re8 45. Qa4 Qxb2+ 46. Kg3 Rxe3+ 47. Rf1
Qe5+ 48. Kg2 Qg5+ 49. Kh1 R8e4 0-1

[Event "XLI MIEDZYNARODOWY MEMORIAL LUDWIKA ZAMENHOFA 2022 - open A"]
[Site "Bialystok"]
[Date "1899-12-30"]
[Round "4.17"]
[White "Wikar, Martyna"]
[Black "Malisauskas, Vidmantas"]
[Result "1/2-1/2"]
[WhiteTitle "WFM"]
[BlackTitle "GM"]
[WhiteElo "2185"]
[BlackElo "2364"]

1. e4 c5 2. Nf3 Nc6 3. Bb5 g6 4. O-O Bg7 5. c3 Nf6 6. Re1 O-O 7. d4 cxd4 8. cxd4
d5 9. e5 Ne4 10. Bxc6 bxc6 11. Be3 Qb6 12. Qc1 Rb8 13. b3 f6 14. Nc3 Qa5 15. exf6
exf6 16. Nxe4 dxe4 17. Bf4 Rb7 18. Re2 e3 19. Rxe3 Qc5 20. Re4 Qd5 21. Re1 g5
22. Be3 Be6 23. Qc5 Qd7 24. Rac1 Bd5 25. Nd2 Rd8 26. Qc2 Qf7 27. Ne4 Re7 28. Nc3
Be6 29. f3 h6 30. Bf2 f5 31. Na4 Bxd4 32. Bxd4 Rxd4 33. Qxc6 Rd2 34. Nc5 Bd5 35.
Qxh6 Qg7 36. Qxg7+ Rxg7 37. Ne6 Bxe6 38. Rxe6 Rxa2 39. Re5 g4 40. f4 g3 41. h3
Rc7 42. Rce1 Rcc2 43. Re8+ Kf7 44. R1e7+ Kf6 45. Re6+ Kf7 46. R8e7+ 1/2-1/2

[Event "XLI MIEDZYNARODOWY MEMORIAL LUDWIKA ZAMENHOFA 2022 - open A"]
[Site "Bialystok"]
[Date "1899-12-30"]
[Round "4.18"]
[White "Daniel, Damian"]
[Black "Chomczyk, Marek"]
[Result "0-1"]
[WhiteTitle "CM"]
[BlackTitle "k++"]
[WhiteElo "2169"]
[BlackElo "2327"]

1. d4 g6 2. c4 Bg7 3. Nc3 c5 4. d5 Bxc3+ 5. bxc3 f5 6. h4 d6 7. h5 Qa5 8. hxg6
hxg6 9. Rxh8 Qxc3+ 10. Qd2 Qxh8 11. Bb2 Qh6 12. e3 Nf6 13. O-O-O Nbd7 14. Nh3
Nb6 15. f3 Qh4 16. Qd3 Bd7 17. Bc3 Na4 18. Be1 Qh8 19. Qc2 a6 20. Nf4 Nh5 21.
Ne6 Rb8 22. g4 Ng7 23. gxf5 gxf5 24. Nf4 Nh5 25. Ne2 Qe5 26. Kd2 b5 27. f4 Qh8
28. Nc3 Nf6 29. Kc1 Ne4 30. Nxe4 fxe4 31. cxb5 Bxb5 32. Bxb5+ Rxb5 33. Qxa4 Qb2#
0-1